Road safety impact of new technologies

Na minha lista:
Detalhes bibliográficos
Formato: Livro
Idioma:inglês
Publicado em: Paris OECD 2003
Assuntos:
Tags: Adicionar Tag
Sem tags, seja o primeiro a adicionar uma tag!

MARC

LEADER 00000nam$a2200000$$$4500
001 0021355
005 20240315121209.9
020 |a 92-64-10322-8 
041 0 |a eng 
044 |a FR 
245 1 0 |a Road safety  |b impact of new technologies 
264 1 |a Paris  |b OECD  |c 2003 
300 |a 97 s. 
610 2 0 |a bezpečnosť dopravy 
610 2 0 |a doprava cestná 
610 2 0 |a doprava 
610 2 0 |a technológie nové 
610 2 0 |a OECD